[Event "BL2 West 1213 (Women)"]
[Site "Germany"]
[Date "2012.10.07"]
[Round "2.3"]
[White "Stelling, Christine"]
[Black "Puke, Carolin"]
[Result "1/2-1/2"]
[WhiteElo "1837"]
[BlackElo "1813"]
[PlyCount "47"]
[EventDate "2012.10.06"]
[EventType "team-tourn"]
[EventRounds "7"]
[EventCountry "GER"]
[SourceTitle "EXT 2018"]
[Source "ChessBase"]
[SourceDate "2017.10.13"]
[SourceVersion "1"]
[SourceVersionDate "2017.10.13"]
[SourceQuality "1"]
[WhiteTeam "Krefeld Turm (W)"]
[BlackTeam "Steinfurt (W)"]
[WhiteTeamCountry "GER"]
[BlackTeamCountry "GER"]

1. c4 e5 2. g3 Nf6 3. Bg2 Be7 4. Nc3 0-0 5. Nf3 d6 6. 0-0 Nc6 7. d4 exd4 8. Nxd4 Ne5 9. b3 Rb8 10. Bb2 Bd7 11. h3 c5 12. Nc2 a6 13. Ne3 Re8 14. Qc2 Qc8 15. Kh2 b5 16. f4 Nc6 17. Ncd5 Nxd5 18. Nxd5 Qd8 19. e4 Be6 20. Nxe7+ Rxe7 21. Rfd1 Qc7 22. Rd2 Rd8 23. Rad1 f6 24. e5 1/2-1/2

[Event "BL2 West 1112 (Women)"]
[Site "Germany"]
[Date "2011.11.27"]
[Round "4.4"]
[White "Finke, Lara"]
[Black "Stelling, Christine"]
[Result "1/2-1/2"]
[WhiteElo "1530"]
[BlackElo "1517"]
[PlyCount "43"]
[EventDate "2011.10.29"]
[EventType "team-tourn"]
[EventRounds "7"]
[EventCountry "GER"]
[SourceTitle "EXT 2013"]
[Source "ChessBase"]
[SourceDate "2012.11.22"]
[SourceVersion "1"]
[SourceVersionDate "2012.11.22"]
[SourceQuality "1"]
[WhiteTeam "Dortmund 1875 (W)"]
[BlackTeam "Krefeld Turm (W)"]
[WhiteTeamCountry "GER"]
[BlackTeamCountry "GER"]

1. e4 c5 2. Nf3 Nc6 3. d4 cxd4 4. Nxd4 e5 5. Nf3 Nf6 6. Nbd2 Bc5 7. Bc4 0-0 8. 0-0 d6 9. h3 a6 10. a4 Qc7 11. Re1 Nd8 12. c3 Be6 13. Qb3 Rc8 14. Bxe6 Nxe6 15. Nf1 Bb6 16. Ng3 h6 17. Be3 Nc5 18. Qc2 Ne6 19. Rad1 Rfd8 20. Nf5 Bxe3 21. Rxe3 Nf4 22. Ree1 1/2-1/2

[Event "BL2 West 1112 (Women)"]
[Site "Germany"]
[Date "2011.10.30"]
[Round "2.4"]
[White "Stelling, Christine"]
[Black "Michalek, Barbara"]
[Result "0-1"]
[WhiteElo "1517"]
[BlackElo "1960"]
[PlyCount "36"]
[EventDate "2011.10.29"]
[EventType "team-tourn"]
[EventRounds "7"]
[EventCountry "GER"]
[SourceTitle "EXT 2013"]
[Source "ChessBase"]
[SourceDate "2012.11.22"]
[SourceVersion "1"]
[SourceVersionDate "2012.11.22"]
[SourceQuality "1"]
[WhiteTeam "Krefeld Turm (W)"]
[BlackTeam "Lehrte (W)"]
[WhiteTeamCountry "GER"]
[BlackTeamCountry "GER"]

1. c4 Nf6 2. g3 g6 3. Nf3 Bg7 4. Bg2 0-0 5. Nc3 d6 6. 0-0 e5 7. d4 Nc6 8. d5 Ne7 9. e4 Nh5 10. Qc2 h6 11. Bd2 Bd7 12. Ne1 f5 13. Nd3 f4 14. gxf4 exf4 15. f3 g5 16. Nd1 Bd4+ 17. Kh1 Qe8 18. Bc3 Ng3+ 0-1

[Event "BL2 Nord 1011 (Women)"]
[Site "Germany"]
[Date "2011.01.09"]
[Round "5.4"]
[White "Stelling, Christine"]
[Black "Schellmann, Maraike"]
[Result "1-0"]
[WhiteElo "1539"]
[BlackElo "1592"]
[PlyCount "103"]
[EventDate "2010.11.06"]
[EventType "team-tourn"]
[EventRounds "7"]
[EventCountry "GER"]
[SourceTitle "EXT 2012"]
[Source "ChessBase"]
[SourceDate "2011.11.24"]
[SourceVersion "1"]
[SourceVersionDate "2011.11.24"]
[SourceQuality "1"]
[WhiteTeam "Krefeld (W)"]
[BlackTeam "Steinfurt (W)"]
[WhiteTeamCountry "GER"]
[BlackTeamCountry "GER"]

1. c4 Nf6 2. Nc3 g6 3. Nf3 Bg7 4. g3 d6 5. Bg2 0-0 6. 0-0 e5 7. d3 Nc6 8. h3 Bd7 9. Kh2 Qc8 10. e4 Nh5 11. Ng1 f5 12. exf5 Nf6 13. fxg6 hxg6 14. Ne4 Nd4 15. Be3 Nf5 16. Nxf6+ Bxf6 17. Qb3 c6 18. Qa3 Qc7 19. Be4 Kg7 20. Bxf5 Bxf5 21. g4 Be6 22. f3 Rh8 23. Qb4 d5 24. Kg2 Be7 25. Qd2 dxc4 26. dxc4 Bxc4 27. Rfc1 Rad8 28. Qc3 Bd5 29. Bc5 Bxc5 30. Qxc5 e4 31. Qd4+ Kf7 32. fxe4 Be6 33. Rf1+ Kg8 34. Qf6 Rd2+ 35. Rf2 Rxf2+ 36. Qxf2 Bxg4 37. Qxa7 Be6 38. Qd4 Rh5 39. Qf6 Bf7 40. b3 Rc5 41. Rf1 Re5 42. Rf4 Re6 43. Qg5 Re5 44. Qf6 Re6 45. Qg5 Re5 46. Qf6 Ra5 47. Rf2 Rc5 48. Rd2 Kh7 49. Nf3 Be8 50. Ng5+ Kg8 51. Qe6+ Kh8 52. Qxe8+ 1-0